000 00753aam a2200289 i 4500
001 768714001
003 CO-MdFUSB
005 20250515161223.0
007 ta
008 250515t1976 cau||||| |||| 00| 0 eng d
020 _a0-87680-840-2
040 _cCO-MdFUSB
041 0 _aspa
082 0 4 _223
_a248.1
_bS812r
100 1 _aStedman, Ray C.
_eautor
245 1 0 _aThe ruler who serves
_c/ Ray C. Stedman
264 1 _bWord Books, Publisher
_aWaco, TX., USA :
_c[1976]
264 4 _c©1976
300 _a231 páginas
336 _atexto
_btxt
_2rdacontent
337 _2rdamedia
_asin mediación
_bn
338 _2rdacarrier
_avolumen
_bnc
563 _aRústico
650 1 0 _aVida cristiana
_919
942 _cBK
945 _aElías Tolentino
999 _c35605
_d35605